Pravidla pomoci potřebným

Štrukturálne fondy ako významný nástroj súčasnej hospodárskej politiky Spoločenstva. Základné ciele Európskeho fondu regionálneho rozvoja (ERDF), Európskeho poľnohospodárskeho podporného a garančného fondu (EAGGF), Kohézneho fondu (CF). Hlavné ciele regionálnej politiky Európskej únie. Základné prav...

Full description

Saved in:
Bibliographic Details
Main Author: Píšová, Eva
Format: Book Chapter
Language:Czech
Subjects:
Tags: Add Tag
No Tags, Be the first to tag this record!

MARC

LEADER 00000naa a2200000 4500
001 r032274
005 20230920094937.6
041 0 |a cze 
044 |a CZ 
245 1 0 |a Pravidla pomoci potřebným  |c Eva Píšová 
520 |a Štrukturálne fondy ako významný nástroj súčasnej hospodárskej politiky Spoločenstva. Základné ciele Európskeho fondu regionálneho rozvoja (ERDF), Európskeho poľnohospodárskeho podporného a garančného fondu (EAGGF), Kohézneho fondu (CF). Hlavné ciele regionálnej politiky Európskej únie. Základné pravidlá pre využívanie finančných nástrojov Európskej komisie. Ročné rozpočtové prostriedky EÚ. 
610 2 0 |a fondy štruktúrne 
610 2 0 |a spolupráca hospodárska medzinárodná 
610 2 0 |a regióny 
610 2 0 |a politika regionálna 
610 2 0 |a nástroje finančné 
610 2 0 |a Európska únia 
610 2 0 |a ERDF 
610 2 0 |a EAGGF 
610 2 0 |a fond kohézny 
610 2 0 |a Európska investičná banka 
100 1 |a Píšová, Eva